All 6 Letter Words that Begin With Z - Statistics

General Stats
  • This quiz has been taken 3 times
  • The average score is 12 of 162
Answer Stats
% Correct
zealot
67%
zebras
67%
zeroed
67%
zeroes
67%
zigzag
67%
zinger
67%
zipped
67%
zipper
67%
zonked
67%
zoomed
67%
Zoomer
67%
zagged
33%
zanier
33%
zanies
33%
zapped
33%
zapper
33%
zester
33%
zigged
33%
zinced
33%
zinged
33%
zingel
33%
zircon
33%
zither
33%
zodiac
33%
zoners
33%
zounds
33%
zaatar
0%
zabras
0%
zacate
0%
zaccos
0%
zaddik
0%
zaffar
0%
zaffer
0%
zaffir
0%
zaffre
0%
zaftig
0%
zaguan
0%
Zaidis
0%
zaires
0%
zakahs
0%
zakats
0%
zamang
0%
zamans
0%
Zambal
0%
zambos
0%
zamias
0%
Zamuco
0%
Zamucu
0%
Zandeh
0%
zander
0%
Zandes
0%
zanily
0%
zanjas
0%
Zannis
0%
zanzas
0%
zanzes
0%
Zaparo
0%
zapote
0%
zapupe
0%
zarahs
0%
zareba
0%
Zarema
0%
zariba
0%
zayins
0%
zazens
0%
zeatin
0%
zebubs
0%
zechin
0%
zedonk
0%
Zeidae
0%
zemmis
0%
zemnis
0%
Zenaga
0%
zenana
0%
Zendos
0%
zenith
0%
Zenker
0%
zephyr
0%
zequin
0%
zerdas
0%
zeriba
0%
zeroth
0%
zeugma
0%
zhoosh
0%
ziamet
0%
ziaras
0%
ziarat
0%
zibeth
0%
zibets
0%
zieger
0%
zigers
0%
zillah
0%
Zimbel
0%
zimmis
0%
zincic
0%
zincky
0%
zincos
0%
zincum
0%
zindiq
0%
zinebs
0%
zinkes
0%
zinnia
0%
zippos
0%
zirams
0%
Ziryen
0%
zizith
0%
zlotys
0%
zoaria
0%
zocalo
0%
zoccos
0%
zoecia
0%
zoetic
0%
zoftig
0%
Zoilus
0%
Zoisia
0%
zoisms
0%
zoists
0%
zokors
0%
zombie
0%
zombis
0%
zonary
0%
zonate
0%
zondas
0%
Zondek
0%
Zonian
0%
zoning
0%
zonite
0%
zonkey
0%
Zontas
0%
zonula
0%
zonule
0%
zonure
0%
zoodle
0%
zooful
0%
zooids
0%
zoozoo
0%
Zoques
0%
zorils
0%
zorras
0%
zorses
0%
zoster
0%
Zotzil
0%
Zouave
0%
zoysia
0%
zufoli
0%
zufolo
0%
zuisin
0%
Zunian
0%
zurnas
0%
Zuzims
0%
zydeco
0%
zygion
0%
zygite
0%
zygoid
0%
zygoma
0%
zygose
0%
zygote
0%
zymase
0%
zymins
0%
Zyrian
0%
Zythia
0%
zythum
0%
No matching quizzes found
Score Distribution
Percent of People with Each Score
Percentile by Number Answered
Your Score History
You have not taken this quiz